Программирование микроконтроллеров: электронный курс
| Päätekijä: | |
|---|---|
| Yhteisötekijä: | |
| Muut tekijät: | |
| Yhteenveto: | Заглавие с экрана Основным целями освоения курса "Программирование микроконтроллеров"являются формирование у обучающихся: знаний методов разработки и отладки программ на языке низкого и высокого уровней; умений составлять алгоритмы решения задачи и использовать прикладные среды программирования для реализации разработанных алгоритмов; владений навыками программирования микроконтроллеров для реализации взаимодействия с периферийными устройствами. В курсе рассматриваются вопросы разработки и отладки простейших программ для микроконтроллеров архитектуры Intel 8051. Курс предназначен для студентов 4 курса направлений 03.03.02, 09.03.01, 09.03.04, 12.03.02, 13.03.02, 13.03.03, 14.05.04, 15.03.01, 15.03.04, 15.03.06, 18.03.01. Доступ по логину и паролю |
| Kieli: | venäjä |
| Julkaistu: |
Томск, TPU Moodle, 2020
|
| Aiheet: | |
| Linkit: | https://design.lms.tpu.ru/course/view.php?id=3784 |
| Aineistotyyppi: | MixedMaterials Elektroninen Kirja |
| KOHA link: | https://koha.lib.tpu.ru/cgi-bin/koha/opac-detail.pl?biblionumber=665718 |
MARC
| LEADER | 00000nam0a2200000 4500 | ||
|---|---|---|---|
| 001 | 665718 | ||
| 005 | 20240123131731.0 | ||
| 035 | |a (RuTPU)RU\TPU\network\36922 | ||
| 035 | |a RU\TPU\network\36921 | ||
| 090 | |a 665718 | ||
| 100 | |a 20211110d2020 m y0rusy50 ca | ||
| 101 | 0 | |a rus | |
| 102 | |a RU | ||
| 105 | |a a j 000zy | ||
| 135 | |a jrcn ---uucaa | ||
| 181 | 0 | |a i | |
| 182 | 0 | |a b | |
| 200 | 1 | |a Программирование микроконтроллеров |e электронный курс |f Е. А. Мыцко, А. Н. Мальчуков |g Национальный исследовательский Томский политехнический университет, Инженерная школа информационных технологий и робототехники, Отделение информационных технологий | |
| 203 | |a Текст |c электронный | ||
| 210 | |a Томск |c TPU Moodle |d 2020 | ||
| 300 | |a Заглавие с экрана | ||
| 330 | |a Основным целями освоения курса "Программирование микроконтроллеров"являются формирование у обучающихся: знаний методов разработки и отладки программ на языке низкого и высокого уровней; умений составлять алгоритмы решения задачи и использовать прикладные среды программирования для реализации разработанных алгоритмов; владений навыками программирования микроконтроллеров для реализации взаимодействия с периферийными устройствами. В курсе рассматриваются вопросы разработки и отладки простейших программ для микроконтроллеров архитектуры Intel 8051. Курс предназначен для студентов 4 курса направлений 03.03.02, 09.03.01, 09.03.04, 12.03.02, 13.03.02, 13.03.03, 14.05.04, 15.03.01, 15.03.04, 15.03.06, 18.03.01. | ||
| 333 | |a Доступ по логину и паролю | ||
| 606 | 1 | |a Микроконтроллеры |2 stltpush |3 (RuTPU)RU\TPU\subj\43676 |9 63140 | |
| 610 | 1 | |a электронный ресурс | |
| 610 | 1 | |a труды учёных ТПУ | |
| 610 | 1 | |a электронное обучение | |
| 610 | 1 | |a электронные курсы ТПУ | |
| 610 | 1 | |a электронные учебные пособия | |
| 610 | 1 | |a учебные пособия | |
| 610 | 1 | |a порты | |
| 610 | 1 | |a прерывания | |
| 610 | 1 | |a устройства | |
| 610 | 1 | |a матричная клавиатура | |
| 610 | 1 | |a семисегментные индикаторы | |
| 610 | 1 | |a жидкокристаллические индикаторы | |
| 610 | 1 | |a цифро-аналоговые преобразователи | |
| 610 | 1 | |a аналого-цифровые преобразователи | |
| 610 | 1 | |a датчики | |
| 675 | |a 004.31(075.8) |v 3 | ||
| 700 | 1 | |a Мыцко |b Е. А. |c специалист в области информатики и вычислительной техники |c программист Томского политехнического университета |f 1991- |g Евгений Алексеевич |3 (RuTPU)RU\TPU\pers\32945 |9 16793 | |
| 701 | 1 | |a Мальчуков |b А. Н. |c специалист в области информатики и вычислительной техники |c доцент Томского политехнического университета, кандидат технических наук |f 1982- |g Андрей Николаевич |3 (RuTPU)RU\TPU\pers\25402 |9 11345 | |
| 712 | 0 | 2 | |a Национальный исследовательский Томский политехнический университет |b Инженерная школа информационных технологий и робототехники |b Отделение информационных технологий |3 (RuTPU)RU\TPU\col\23515 |
| 801 | 2 | |a RU |b 63413507 |c 20220420 |g RCR | |
| 856 | 4 | |u https://design.lms.tpu.ru/course/view.php?id=3784 | |
| 942 | |c BK | ||